000
00250nam a2200109Ia 4500
005
20251222141822.0
008
251222s9999||||xx |||||||||||||| ||spa||
082
_a
370.19/A6
245
0
_a
Aprender para el Futuro:
264
_b
Santillana
942
_c
LIB
999
_c
6836
_d
6836